Hulk Villains Quiz Stats

 Plays Quiz not verified by Sporcle

Score 0/16 Timer 10:00
0 Plays Today
Hint Answer % Correct
Tales to Astonish vol. 1 #90 (April, 1967)Abomination
96.3%
Tales to Astonish vol. 1 #62 (December, 1964)Leader
89%
Hulk vol. 2 #1 (March, 2008)Red Hulk
86%
Journey into Mystery vol. 1 #114 (March, 1965)Absorbing Man
75.6%
Incredible Hulk: Future Imperfect vol. 1 #1 (December, 1992)Maestro
53%
Incredible Hulk vol. 1 #169 (November, 1973)Bi-Beast
49.4%
Incredible Hulk vol. 1 #166 (August, 1973)Zzzax
43.9%
Tales to Astonish vol. 1 #64 (November, 1964)Glenn Talbot
30.5%
Hint Answer % Correct
Incredible Hulk vol. 1 #364 (Mid-December, 1989)Madman
22.6%
Incredible Hulk vol. 2 #17 (August, 2000)Flux
14%
Incredible Hulk vol. 1 #6 (March, 1963)Metal Master
9.8%
Incredible Hulk vol. 1 #338 (December, 1987)Mercy
7.3%
Incredible Hulk vol. 1 #111 (January, 1969)Galaxy Master
6.7%
Thor vol. 1 #135 (December, 1966)Man-Beast
6.7%
Incredible Hulk vol. 2 #12 (March, 2000)John Ryker
6.1%
Incredible Hulk vol. 1 #345 (July, 1988)Ogress
5.5%

You're not logged in!

Compare scores with friends on all Sporcle quizzes.
OR
Log In

Sporcle TV

Today on Sporcle TV


Watch our educational content, quiz creation guides, and fun videos on Sporcle TV.

Show Comments

Extras

Top Quizzes Today


Score Distribution

Your Account Isn't Verified!

In order to create a playlist on Sporcle, you need to verify the email address you used during registration. Go to your Sporcle Settings to finish the process.

Report this User

Report this user for behavior that violates our Community Guidelines.

Details: